La investigación científica: su estrategia y su filosofía

Sparad:
Bibliografiska uppgifter
Huvudupphovsman: Bunge, Mario (Författare, medförfattare)
Materialtyp: Bok
Språk:spanska
Publicerad: Barcelona Siglo XXI 2002
Upplaga:2a. ed
Serie:Filosofía
Ämnen:
Taggar: Lägg till en tagg
Inga taggar, Lägg till första taggen!

MARC

LEADER 00000nam a2200000 a 4500
001 UCL3323
003 CL-VaPUC
008 031121e20020000SP |||||||||||||||||spa|d
020 |a 9682322251 
082 0 4 |a 001.4  |b BUN  |2 21 
100 0 |a Bunge, Mario  |e author  |9 480622 
245 1 3 |a La investigación científica: su estrategia y su filosofía 
250 |a 2a. ed 
300 |a 805 p 
942 |c BK 
945 |d 20031121 00:00:00  |a cmena 
260 |a Barcelona  |b Siglo XXI  |c 2002 
650 0 |a Investigación científica  |9 259857 
650 0 |a Actividades científicas  |9 340111 
650 0 |a Investigación y desarrollo (I+D)  |9 324714 
650 7 |a ESTRATEGIAS DE INVESTIGACION  |2 CL-VaPUC  |9 480623 
650 0 |a Ciencia y tecnología  |9 260585 
583 |a last modification  |c 20031121 00:00:00  |k Rodrigo Vera 
490 0 |a Filosofía 
999 |c 306412  |d 306410 
952 |0 0  |1 0  |4 0  |6 001_400000000000000_BUN_2002  |7 0  |8 R  |9 371416  |a BIBEDU  |b BIBEDU  |c MCIRC  |d 2019-11-21  |i 3966569  |l 1  |o 001.4 BUN 2002  |p 3966569  |r 2023-09-28  |s 2023-09-26  |w 2019-11-21  |y BK_R  |k PSI